Paesi più Grandi del Ciad - Statistics

Statistiche generali
  • Questo quiz è stato fatto 32 volte
  • Il punteggio medio è 18 su 19
Statistiche sulle risposte
Superficie Paese % Corretto
2,149,690 Arabia Saudita
100%
2,780,400 Argentina
100%
7,741,220 Australia
100%
9,984,670 Canada
100%
9,596,961 Cina
100%
3,287,263 India
100%
1,648,195 Iran
100%
2,724,900 Kazakistan
100%
1,964,375 Messico
100%
1,564,116 Mongolia
100%
2,344,858 Rep. Dem. del Congo
100%
17,098,242 Russia
100%
9,826,675 Stati Uniti
100%
1,861,484 Sudan
100%
8,514,877 Brasile
91%
1,904,569 Indonesia
91%
2,381,741 Algeria
82%
1,759,540 Libia
82%
1,285,216 Perù
82%
Nessun quiz corrispondente trovato
Distribuzione punteggi
Percentuale di utenti per punteggio
Percentile per numero di risposta
I tuoi punteggi nel tempo
Non hai fatto questo quiz